{"text_format":"3","workbook":"xlsx","n_sheets":1,"sheets":["t184"],"read":"whole","date_system":"1900"}

{"sheet":"t184","index":0,"n_rows":190,"n_cols":7,"rows_kept":190,"merged":[[0,0,0,6],[28,0,28,5],[44,0,44,5],[155,0,155,5]]}
["TABELA 184.1 - Estatísticas Agrícolas, Município de Flórida Paulista, Estado de São Paulo, 2016/17."]
["ITEM","UNIDADE","N.DE UPAs","MÍNIMO","MÉDIO","MÁXIMO","TOTAL"]
["Distância à sede do município","km",806,0.1,{"v":9.58,"d":"9.6"},{"v":70,"d":"70.0"},"-"]
["Área total","hectare",806,0.4,62.1,{"v":1779.1,"d":"1,779.1"},{"v":50051.9,"d":"50,051.9"}]
["Área com cultura perene","hectare",63,0.1,{"v":5.41,"d":"5.4"},{"v":50,"d":"50.0"},341.1]
["Área com cultura temporária","hectare",361,0.1,{"v":62.17,"d":"62.2"},{"v":1275.3,"d":"1,275.3"},{"v":22444.7,"d":"22,444.7"}]
["Área com pastagem","hectare",733,0.1,{"v":32.61,"d":"32.6"},{"v":1143,"d":"1,143.0"},{"v":23903.7,"d":"23,903.7"}]
["Área com reflorestamento","hectare",58,0.1,{"v":3.96,"d":"4.0"},{"v":32,"d":"32.0"},229.7]
["Área com vegetação natural","hectare",186,0.1,{"v":9.18,"d":"9.2"},{"v":217,"d":"217.0"},{"v":1707.3,"d":"1,707.3"}]
["Área com vegetação de brejo e várzea","hectare",168,0.2,{"v":6.98,"d":"7.0"},284.3,{"v":1173.3,"d":"1,173.3"}]
["Área em descanso","hectare",2,0.1,0.1,0.1,0.2]
["Área complementar","hectare",527,0.1,{"v":0.48,"d":"0.5"},{"v":15,"d":"15.0"},251.9]
["Área das UPAs com (0, 1] ha","hectare",7,0.4,{"v":0.76,"d":"0.8"},{"v":1,"d":"1.0"},5.3]
["Área das UPAs com (1, 2] ha","hectare",5,1.2,{"v":1.66,"d":"1.7"},{"v":2,"d":"2.0"},8.3]
["Área das UPAs com (2, 5] ha","hectare",54,2.1,{"v":3.85,"d":"3.9"},4.9,207.8]
["Área das UPAs com (5, 10] ha","hectare",115,5.2,{"v":7.56,"d":"7.6"},{"v":10,"d":"10.0"},869.9]
["Área das UPAs com (10, 20] ha","hectare",202,10.1,{"v":14.63,"d":"14.6"},19.9,{"v":2954.8,"d":"2,954.8"}]
["Área das UPAs com (20, 50] ha","hectare",224,20.2,{"v":31.23,"d":"31.2"},49.2,{"v":6996.6,"d":"6,996.6"}]
["Área das UPAs com (50, 100] ha","hectare",91,50.9,{"v":72.06,"d":"72.1"},99.3,{"v":6557.6,"d":"6,557.6"}]
["Área das UPAs com (100, 200] ha","hectare",66,102.3,{"v":140.73,"d":"140.7"},{"v":200,"d":"200.0"},{"v":9288.3,"d":"9,288.3"}]
["Área das UPAs com (200, 500] ha","hectare",26,203.5,{"v":321.34,"d":"321.3"},485.3,{"v":8354.9,"d":"8,354.9"}]
["Área das UPAs com (500, 1.000] ha","hectare",11,530.4,{"v":724.52,"d":"724.5"},980.1,{"v":7969.7,"d":"7,969.7"}]
["Área das UPAs com (1.000, 2.000] ha","hectare",5,{"v":1146,"d":"1,146.0"},{"v":1367.74,"d":"1,367.7"},{"v":1779.1,"d":"1,779.1"},{"v":6838.7,"d":"6,838.7"}]
["Área das UPAs com (2.000, 5.000] ha","hectare","-","-","-","-","-"]
["Área das UPAs com (5.000, 10.000] ha","hectare","-","-","-","-","-"]
["Área das UPAs acima de 10.000 ha","hectare","-","-","-","-","-"]
["Fonte: Secretaria de Agricultura e Abastecimento, CDRS/IEA, Projeto LUPA."]
[]
["TABELA 184.2 - Explorações Animais, Município de Flórida Paulista, Estado de São Paulo, 2016/17."]
["ITEM","UNIDADE","N.DE UPAs","MÍNIMO","MÉDIO","MÁXIMO","TOTAL"]
["Asininos e muares","cabecas",9,{"v":1,"d":"1.0"},{"v":7.89,"d":"7.9"},{"v":50,"d":"50.0"},{"v":71,"d":"71.0"}]
["Avestruzes e ema (criadouro)","cabecas",1,{"v":2,"d":"2.0"},{"v":2,"d":"2.0"},{"v":2,"d":"2.0"},{"v":2,"d":"2.0"}]
["Avicultura de corte","cabecas/ano",128,{"v":1,"d":"1.0"},{"v":4563.58,"d":"4,563.6"},{"v":370000,"d":"370,000.0"},{"v":584138,"d":"584,138.0"}]
["Avicultura ornamental/decorativa/exotica","cabecas",1,{"v":30,"d":"30.0"},{"v":30,"d":"30.0"},{"v":30,"d":"30.0"},{"v":30,"d":"30.0"}]
["Avicultura para ovos","cabecas",2,{"v":38000,"d":"38,000.0"},{"v":49000,"d":"49,000.0"},{"v":60000,"d":"60,000.0"},{"v":98000,"d":"98,000.0"}]
["Bovinocultura de corte","cabecas",574,{"v":2,"d":"2.0"},{"v":61.97,"d":"62.0"},{"v":1500,"d":"1,500.0"},{"v":35569,"d":"35,569.0"}]
["Bovinocultura leiteira","cabecas",30,{"v":1,"d":"1.0"},{"v":23.23,"d":"23.2"},{"v":70,"d":"70.0"},{"v":697,"d":"697.0"}]
["Bovinocultura mista","cabecas",86,{"v":1,"d":"1.0"},{"v":37.42,"d":"37.4"},{"v":846,"d":"846.0"},{"v":3218,"d":"3,218.0"}]
["Bubalinocultura","cabecas",1,{"v":1,"d":"1.0"},{"v":1,"d":"1.0"},{"v":1,"d":"1.0"},{"v":1,"d":"1.0"}]
["Equinocultura","cabecas",276,{"v":1,"d":"1.0"},{"v":2.33,"d":"2.3"},{"v":40,"d":"40.0"},{"v":643,"d":"643.0"}]
["Ovinocultura","cabecas",14,{"v":5,"d":"5.0"},{"v":43,"d":"43.0"},{"v":250,"d":"250.0"},{"v":602,"d":"602.0"}]
["Suinocultura","cabecas",82,{"v":1,"d":"1.0"},{"v":6.67,"d":"6.7"},{"v":35,"d":"35.0"},{"v":547,"d":"547.0"}]
["Fonte: Secretaria de Agricultura e Abastecimento, CDRS/IEA, Projeto LUPA."]
[]
["TABELA 184.3 -  Máquinas, Implementos e Benfeitorias, Município de Flórida Paulista, Estado de São Paulo, 2016/17."]
["ITEM","UNIDADE","N.DE UPAs","MÍNIMO","MÉDIO","MÁXIMO","TOTAL"]
["Arado comum (bacia, aiveca)","unidade",92,{"v":1,"d":"1.0"},{"v":1.11,"d":"1.1"},{"v":3,"d":"3.0"},{"v":102,"d":"102.0"}]
["Arado escarificador","unidade",10,{"v":1,"d":"1.0"},1.2,{"v":2,"d":"2.0"},{"v":12,"d":"12.0"}]
["Arado subsolador","unidade",17,{"v":1,"d":"1.0"},{"v":1.06,"d":"1.1"},{"v":2,"d":"2.0"},{"v":18,"d":"18.0"}]
["Batedeira de cereais","unidade",17,{"v":1,"d":"1.0"},{"v":1,"d":"1.0"},{"v":1,"d":"1.0"},{"v":17,"d":"17.0"}]
["Camara fria","unidade",2,{"v":1,"d":"1.0"},3.5,{"v":6,"d":"6.0"},{"v":7,"d":"7.0"}]
["Carreta de trator","unidade",84,{"v":1,"d":"1.0"},{"v":1.14,"d":"1.1"},{"v":3,"d":"3.0"},{"v":96,"d":"96.0"}]
["Colhedeira acoplada","unidade",2,{"v":1,"d":"1.0"},{"v":2,"d":"2.0"},{"v":3,"d":"3.0"},{"v":4,"d":"4.0"}]
["Computador","unidade",2,{"v":1,"d":"1.0"},{"v":3,"d":"3.0"},{"v":5,"d":"5.0"},{"v":6,"d":"6.0"}]
["Conj.irrigacao convencional","unidade",9,{"v":1,"d":"1.0"},{"v":1,"d":"1.0"},{"v":1,"d":"1.0"},{"v":9,"d":"9.0"}]
["Conj.irrigacao/gotejamento/microaspersao","unidade",2,{"v":1,"d":"1.0"},{"v":1,"d":"1.0"},{"v":1,"d":"1.0"},{"v":2,"d":"2.0"}]
["Desintegrador de palha (plantio direto)","unidade",3,{"v":1,"d":"1.0"},{"v":1,"d":"1.0"},{"v":1,"d":"1.0"},{"v":3,"d":"3.0"}]
["Desintegrador, picador, triturador","unidade",116,{"v":1,"d":"1.0"},{"v":1.03,"d":"1.0"},{"v":2,"d":"2.0"},{"v":119,"d":"119.0"}]
["Distribuidor de calcario","unidade",43,{"v":1,"d":"1.0"},{"v":1.07,"d":"1.1"},{"v":2,"d":"2.0"},{"v":46,"d":"46.0"}]
["Ensiladeira","unidade",18,{"v":1,"d":"1.0"},{"v":1.06,"d":"1.1"},{"v":2,"d":"2.0"},{"v":19,"d":"19.0"}]
["Grade aradora (tipo romi)","unidade",97,{"v":1,"d":"1.0"},{"v":1.09,"d":"1.1"},{"v":4,"d":"4.0"},{"v":106,"d":"106.0"}]
["Grade niveladora","unidade",117,{"v":1,"d":"1.0"},{"v":1.08,"d":"1.1"},{"v":2,"d":"2.0"},{"v":126,"d":"126.0"}]
["Implementos para tracao animal","unidade",2,{"v":1,"d":"1.0"},{"v":1,"d":"1.0"},{"v":1,"d":"1.0"},{"v":2,"d":"2.0"}]
["Misturador de racao","unidade",16,{"v":1,"d":"1.0"},{"v":1,"d":"1.0"},{"v":1,"d":"1.0"},{"v":16,"d":"16.0"}]
["Mmicrotrator","unidade",4,{"v":1,"d":"1.0"},{"v":1,"d":"1.0"},{"v":1,"d":"1.0"},{"v":4,"d":"4.0"}]
["Ordenhadeira mecanica","unidade",16,{"v":1,"d":"1.0"},{"v":1,"d":"1.0"},{"v":1,"d":"1.0"},{"v":16,"d":"16.0"}]
["Pulverizador tratorizado","unidade",56,{"v":1,"d":"1.0"},{"v":1.09,"d":"1.1"},{"v":2,"d":"2.0"},{"v":61,"d":"61.0"}]
["Resfriador de leite, tanque expansao","unidade",13,{"v":1,"d":"1.0"},{"v":1,"d":"1.0"},{"v":1,"d":"1.0"},{"v":13,"d":"13.0"}]
["Roçadeira costal","unidade",1,{"v":1,"d":"1.0"},{"v":1,"d":"1.0"},{"v":1,"d":"1.0"},{"v":1,"d":"1.0"}]
["Roçadeira tratorizada","unidade",5,{"v":1,"d":"1.0"},1.2,{"v":2,"d":"2.0"},{"v":6,"d":"6.0"}]
["Roçadora","unidade",74,{"v":1,"d":"1.0"},{"v":1,"d":"1.0"},{"v":1,"d":"1.0"},{"v":74,"d":"74.0"}]
["Semeadeira/adubadeira para plantio convencional","unidade",30,{"v":1,"d":"1.0"},{"v":1.07,"d":"1.1"},{"v":2,"d":"2.0"},{"v":32,"d":"32.0"}]
["Semeadeira/plantadeira plantio direto","unidade",6,{"v":1,"d":"1.0"},{"v":1,"d":"1.0"},{"v":1,"d":"1.0"},{"v":6,"d":"6.0"}]
["Terraceador","unidade",16,{"v":1,"d":"1.0"},{"v":1,"d":"1.0"},{"v":1,"d":"1.0"},{"v":16,"d":"16.0"}]
["Trator de esteiras","unidade",2,{"v":1,"d":"1.0"},{"v":1,"d":"1.0"},{"v":1,"d":"1.0"},{"v":2,"d":"2.0"}]
["Trator de pneus  acima de 85 cv","unidade",15,{"v":1,"d":"1.0"},2.2,{"v":6,"d":"6.0"},{"v":33,"d":"33.0"}]
["Trator de pneus até 65 cv","unidade",101,{"v":1,"d":"1.0"},{"v":1.18,"d":"1.2"},{"v":9,"d":"9.0"},{"v":119,"d":"119.0"}]
["Trator de pneus de 66 cv a 85 cv","unidade",54,{"v":1,"d":"1.0"},{"v":1.19,"d":"1.2"},{"v":4,"d":"4.0"},{"v":64,"d":"64.0"}]
["Acude/represa","unidade",273,{"v":1,"d":"1.0"},{"v":2.51,"d":"2.5"},{"v":15,"d":"15.0"},{"v":684,"d":"684.0"}]
["Adega cantina","unidade",2,{"v":1,"d":"1.0"},{"v":1,"d":"1.0"},{"v":1,"d":"1.0"},{"v":2,"d":"2.0"}]
["Almoxarifado/oficina","unidade",6,{"v":1,"d":"1.0"},{"v":1.17,"d":"1.2"},{"v":2,"d":"2.0"},{"v":7,"d":"7.0"}]
["Armazem para graos ensacados","sacas",6]
["Balanca para bovinos","unidade",6,{"v":1,"d":"1.0"},{"v":1,"d":"1.0"},{"v":1,"d":"1.0"},{"v":6,"d":"6.0"}]
["Balanca para veiculos","unidade",3,{"v":1,"d":"1.0"},{"v":1,"d":"1.0"},{"v":1,"d":"1.0"},{"v":3,"d":"3.0"}]
["Barracao para granja/avicultura","unidade",9,{"v":1,"d":"1.0"},{"v":6.11,"d":"6.1"},{"v":21,"d":"21.0"},{"v":55,"d":"55.0"}]
["Barracao/galpao/garagem","unidade",137,{"v":1,"d":"1.0"},{"v":1.19,"d":"1.2"},{"v":5,"d":"5.0"},{"v":163,"d":"163.0"}]
["Casa de moradia habitada","unidade",292,{"v":1,"d":"1.0"},{"v":1.39,"d":"1.4"},{"v":7,"d":"7.0"},{"v":406,"d":"406.0"}]
["Casa de moradia total","unidade",419,{"v":1,"d":"1.0"},{"v":1.58,"d":"1.6"},{"v":11,"d":"11.0"},{"v":663,"d":"663.0"}]
["Curral/mangueira","unidade",493,{"v":1,"d":"1.0"},{"v":1.01,"d":"1.0"},{"v":3,"d":"3.0"},{"v":499,"d":"499.0"}]
["Deposito/tulha","unidade",394,{"v":1,"d":"1.0"},{"v":1.04,"d":"1.0"},{"v":4,"d":"4.0"},{"v":411,"d":"411.0"}]
["Engenho","unidade",1,{"v":1,"d":"1.0"},{"v":1,"d":"1.0"},{"v":1,"d":"1.0"},{"v":1,"d":"1.0"}]
["Estabulo","unidade",1,{"v":1,"d":"1.0"},{"v":1,"d":"1.0"},{"v":1,"d":"1.0"},{"v":1,"d":"1.0"}]
["Fabrica de racao","unidade",2,{"v":1,"d":"1.0"},{"v":1,"d":"1.0"},{"v":1,"d":"1.0"},{"v":2,"d":"2.0"}]
["Maquina de beneficio","unidade",4,{"v":1,"d":"1.0"},{"v":1,"d":"1.0"},{"v":1,"d":"1.0"},{"v":4,"d":"4.0"}]
["Pocilga","unidade",7,{"v":1,"d":"1.0"},{"v":1,"d":"1.0"},{"v":1,"d":"1.0"},{"v":7,"d":"7.0"}]
["Poco semi-artesiano","unidade",328,{"v":1,"d":"1.0"},{"v":1.03,"d":"1.0"},{"v":2,"d":"2.0"},{"v":337,"d":"337.0"}]
["Secador de graos","unidade",2,{"v":1,"d":"1.0"},9.5,{"v":18,"d":"18.0"},{"v":19,"d":"19.0"}]
["Silo para graos","ton",1]
["Silo para silagem","ton",2]
["Terreiro","m2",56]
["Usina de acucar/destilaria","unidade",1,{"v":1,"d":"1.0"},{"v":1,"d":"1.0"},{"v":1,"d":"1.0"},{"v":1,"d":"1.0"}]
["Fonte: Secretaria de Agricultura e Abastecimento, CDRS/IEA, Projeto LUPA."]
[]
["TABELA 184.4 - Outras Estatísticas Agrícolas, Município de Flórida Paulista, Estado de São Paulo, 2016/17."]
["ITEM","Número de UPAs",null,"Percentual"]
["Faz Parte de Associação de Produtores",500,null,{"v":62.03473945409429,"d":"62.0"}]
["Faz Parte de Cooperativa de Produtores",513,null,{"v":63.64764267990074,"d":"63.6"}]
["Faz Parte do Sindicato de Produtores",545,null,{"v":67.61786600496278,"d":"67.6"}]
["Não utiliza assistência técnica ",45,null,{"v":5.583126550868486,"d":"5.6"}]
["Utiliza somente assistência técnica governamental ",30,null,{"v":3.7220843672456576,"d":"3.7"}]
["Utiliza somente assistência técnica privada ",9,null,{"v":1.1166253101736974,"d":"1.1"}]
["Utiliza assistência técnica tanto governamental quanto privada",722,null,{"v":89.57816377171216,"d":"89.6"}]
["Utiliza Crédito Rural",716,null,{"v":88.83374689826303,"d":"88.8"}]
["Utiliza Seguro Rural",62,null,{"v":7.6923076923076925,"d":"7.7"}]
["Utiliza Escrituração Agrícola",621,null,{"v":77.0471464019851,"d":"77.0"}]
["Acessa Internet p/ Fins na Agropecuária",5,null,{"v":0.6203473945409429,"d":"0.6"}]
["Utiliza Computador nas Atividades Agropecuárias",7,null,{"v":0.8684863523573201,"d":"0.9"}]
["Utiliza Energia Elétrica Para Uso na Atividade Agrícola",481,null,{"v":59.67741935483871,"d":"59.7"}]
["Utiliza Energia Alternativa",4,null,{"v":0.4962779156327544,"d":"0.5"}]
["Realiza Análise de Solo, quando necessário",748,null,{"v":92.80397022332505,"d":"92.8"}]
["Realiza Calagem",631,null,{"v":78.287841191067,"d":"78.3"}]
["Utiliza Práticas de Conservação de Solo, quando necessário",753,null,{"v":93.42431761786601,"d":"93.4"}]
["Faz Adubação Mineral, quando necessário",754,null,{"v":93.54838709677419,"d":"93.5"}]
["Faz Adubação Orgânica, quando necessário",718,null,{"v":89.0818858560794,"d":"89.1"}]
["Faz Adubação Verde, quando necessário",18,null,{"v":2.2332506203473943,"d":"2.2"}]
["Utiliza Manejo Integrado de Pragas (MIP)",671,null,{"v":83.25062034739454,"d":"83.3"}]
["Utiliza Hidroponia",5,null,{"v":0.6203473945409429,"d":"0.6"}]
["Utiliza Cultivo em Estufa",1,null,{"v":0.1240694789081886,"d":"0.1"}]
["Utiliza Mudas Fiscalizadas",677,null,{"v":83.99503722084367,"d":"84.0"}]
["Utiliza Semente Melhorada",648,null,{"v":80.3970223325062,"d":"80.4"}]
["Faz Confinamento de Bovinos",1,null,{"v":0.1240694789081886,"d":"0.1"}]
["Utiliza Pastejo Intensivo",11,null,{"v":1.3647642679900744,"d":"1.4"}]
["Faz Inseminação Artificial",1,null,{"v":0.1240694789081886,"d":"0.1"}]
["Faz Mineralização do Rebanho",664,null,{"v":82.38213399503722,"d":"82.4"}]
["Faz Vermifugação do Rebanho",668,null,{"v":82.87841191066997,"d":"82.9"}]
["Possui Parceiros /Arrendatários na Exploração Animal",35,null,{"v":4.3424317617866,"d":"4.3"}]
["Existência de trabalhadores c/ deficiência na UPA",1,null,{"v":0.1240694789081886,"d":"0.1"}]
["Esporte e lazer",1,null,{"v":0.1240694789081886,"d":"0.1"}]
["Extração mineral","-",null,"-"]
["Hotel Fazenda, Pousada ou SPA","-",null,"-"]
["Pesque-pague",1,null,{"v":0.1240694789081886,"d":"0.1"}]
["Restaurante ou Lanchonete",1,null,{"v":0.1240694789081886,"d":"0.1"}]
["Transformação artesanal","-",null,"-"]
["Turismo rural ou ecoturismo","-",null,"-"]
["Outras atividades econômicas rurais",1,null,{"v":0.1240694789081886,"d":"0.1"}]
["Agroindústria","-",null,"-"]
["Proprietário sem instrução ou com instrução incompleta",14,null,{"v":1.7369727047146402,"d":"1.7"}]
["Proprietário com antigo primário completo",91,null,{"v":11.29032258064516,"d":"11.3"}]
["Proprietário com 1° grau (ou antigo ginasial) completo",236,null,{"v":29.280397022332508,"d":"29.3"}]
["Proprietário com 2° grau (ou antigo colegial) completo",212,null,{"v":26.30272952853598,"d":"26.3"}]
["Proprietário com curso superior completo ",218,null,{"v":27.047146401985113,"d":"27.0"}]
["Pessoa Jurídica",35,null,{"v":4.3424317617866,"d":"4.3"}]
["Proprietário residente na própria UPA ",92,null,{"v":11.41439205955335,"d":"11.4"}]
["Fonte: Secretaria de Agricultura e Abastecimento, CDRS/IEA, Projeto LUPA."]
[]
["TABELA 184.5 - Área Cultivada, Município de Flórida Paulista, Estado de São Paulo, 2016/17."]
["CULTURA","N.DE UPAs","MÍNIMO","MÉDIO","MÁXIMO","TOTAL"]
["Braquiaria",733,0.1,{"v":32.61,"d":"32.6"},{"v":1143,"d":"1,143.0"},{"v":23903.7,"d":"23,903.7"}]
["Cana-de-acucar finalidade industria",242,0.2,{"v":81.46,"d":"81.5"},{"v":1275.3,"d":"1,275.3"},{"v":19712.3,"d":"19,712.3"}]
["Cana-de-acucar outras finalidades",105,0.1,{"v":23.52,"d":"23.5"},{"v":1020,"d":"1,020.0"},{"v":2469.1,"d":"2,469.1"}]
["Eucalipto",58,0.1,{"v":3.96,"d":"4.0"},{"v":32,"d":"32.0"},229.7]
["Seringueira",16,0.6,{"v":10.69,"d":"10.7"},{"v":50,"d":"50.0"},{"v":171,"d":"171.0"}]
["Cafe",46,0.1,{"v":2.97,"d":"3.0"},18.1,136.8]
["Soja",1,{"v":100,"d":"100.0"},{"v":100,"d":"100.0"},{"v":100,"d":"100.0"},{"v":100,"d":"100.0"}]
["Amendoim",1,{"v":100,"d":"100.0"},{"v":100,"d":"100.0"},{"v":100,"d":"100.0"},{"v":100,"d":"100.0"}]
["Milho safra",11,0.6,{"v":5.03,"d":"5.0"},21.4,55.3]
["Urucum (ou urucu)",2,4.8,8.9,{"v":13,"d":"13.0"},17.8]
["Banana",1,12.1,12.1,12.1,12.1]
["Maracuja",5,0.3,1.2,{"v":2,"d":"2.0"},{"v":6,"d":"6.0"}]
["Feijao",1,3.7,3.7,3.7,3.7]
["Alface",3,0.1,1.1,{"v":3,"d":"3.0"},3.3]
["Goiaba",3,0.2,{"v":0.73,"d":"0.7"},1.5,2.2]
["Mandioca",1,1.5,1.5,1.5,1.5]
["Couve (ou couve-crespa)",1,{"v":1,"d":"1.0"},{"v":1,"d":"1.0"},{"v":1,"d":"1.0"},{"v":1,"d":"1.0"}]
["Milho-doce(verde)",1,0.9,0.9,0.9,0.9]
["Outras olericolas",1,0.8,0.8,0.8,0.8]
["Manga",1,0.8,0.8,0.8,0.8]
["Repolho",2,0.1,0.3,0.5,0.6]
["Cebolinha",1,0.5,0.5,0.5,0.5]
["Acerola (ou cereja-das-antilhas)",1,0.3,0.3,0.3,0.3]
["Mamao",1,0.3,0.3,0.3,0.3]
["Pepino",1,0.3,0.3,0.3,0.3]
["Feijao-vagem (ou vagem, ou feijao-verde)",1,0.3,0.3,0.3,0.3]
["Tomate envarado",1,0.3,0.3,0.3,0.3]
["Brocolos (ou brocolis)",1,0.2,0.2,0.2,0.2]
["Acelga",1,0.2,0.2,0.2,0.2]
["Limao",1,0.1,0.1,0.1,0.1]
["Quiabo",1,0.1,0.1,0.1,0.1]
["Berinjela",1,0.1,0.1,0.1,0.1]
["Fonte: Secretaria de Agricultura e Abastecimento, CDRS/IEA, Projeto LUPA."]